[Event "YUG-chT2"]
[Site "Yugoslavia"]
[Date "2000.09.??"]
[Round "9"]
[White "Ostojic, Predrag"]
[Black "Dabetic, Radojica"]
[Result "1-0"]
[WhiteElo "2320"]
[BlackElo "2320"]
[PlyCount "82"]
[EventDate "2000.09.??"]
[EventType "team"]
[EventRounds "11"]
[EventCountry "YUG"]
[SourceTitle "EXT 2005"]
[Source "ChessBase"]
[SourceDate "2004.11.15"]
[SourceVersion "1"]
[SourceVersionDate "2004.11.15"]
[SourceQuality "1"]

1. d4 d5 2. c4 e6 3. Nc3 c5 4. cxd5 exd5 5. dxc5 Nf6 6. Be3 Nc6 7. Nf3 Bg4 8. Qa4 Qd7 9. Rd1 Be7 10. g3 Bxf3 11. exf3 Rd8 12. h4 0-0 13. Bh3 Qe8 14. 0-0 d4 15. Bxd4 Nxd4 16. Rxd4 Bxc5 17. Rxd8 Qxd8 18. Rd1 Qc7 19. Kg2 Bb6 20. Qb5 a6 21. Qb3 g6 22. Rd2 Qc6 23. Rc2 Qd6 24. Na4 Bd4 25. Qxb7 Rb8 26. Qc6 Qe5 27. Qxa6 Nh5 28. Qe2 Qa5 29. b3 Ba7 30. Bd7 Kg7 31. Bc6 Rd8 32. f4 Bd4 33. Bf3 Nf6 34. Qc4 Ba7 35. Qc7 Qf5 36. Re2 Rd7 37. Qe5 Qd3 38. Nc5 Bxc5 39. Qxc5 Qb1 40. Qc2 Qa1 41. Qb2 Qd1 1-0

[Event "Hessenliga 9596"]
[Site "Germany"]
[Date "1996.??.??"]
[Round "?"]
[White "Becker, Hartmuth"]
[Black "Ostojic, Predrag"]
[Result "0-1"]
[WhiteElo "2105"]
[BlackElo "2320"]
[PlyCount "122"]
[EventDate "1996.??.??"]
[EventType "team"]
[EventRounds "11"]
[EventCountry "GER"]
[SourceTitle "EXT 1998"]
[Source "ChessBase"]
[SourceDate "1997.11.17"]
[SourceVersion "1"]
[SourceVersionDate "1997.11.17"]
[SourceQuality "1"]

1. c4 g6 2. Nc3 Bg7 3. g3 e5 4. Bg2 d6 5. e3 Nc6 6. Nge2 Be6 7. d3 Qd7 8. Nd5 Nd8 9. h4 c6 10. Ndc3 Nf6 11. b3 0-0 12. Bb2 d5 13. Qc2 b5 14. Rd1 Rc8 15. a4 Nb7 16. Qb1 a6 17. 0-0 Bh3 18. axb5 axb5 19. Na2 Bxg2 20. Kxg2 Rfe8 21. Qc2 Qf5 22. Nb4 Bf8 23. Qc3 Ng4 24. Nc2 Bg7 25. f3 Nf6 26. e4 Qe6 27. Ra1 Nc5 28. Nb4 d4 29. Qc2 Bf8 30. Na6 Nb7 31. Ba3 b4 32. Nxb4 Ra8 33. Qd2 Nc5 34. Rfb1 Reb8 35. Nc1 Nfd7 36. Nc2 h5 37. Bb2 Kh7 38. Rxa8 Rxa8 39. b4 Bh6 40. Qe2 Na4 41. Ba1 Nc3 42. Bxc3 dxc3 43. d4 exd4 44. Nxd4 Qd6 45. Ncb3 Qxb4 46. Nxc6 Qb6 47. Ncd4 Nc5 48. Nb5 Nxb3 49. Rxb3 Ra1 50. Rxc3 Qg1+ 51. Kh3 Bg7 52. Rb3 Qh1+ 53. Qh2 Qf1+ 54. Qg2 Qxc4 55. Ra3 Qxb5 56. Rxa1 Bxa1 57. Qa2 Qd7+ 58. Kg2 Bc3 59. Qc4 Qd2+ 60. Kh3 Kg7 61. f4 Bd4 0-1

[Event "Hessenliga 9596"]
[Site "Germany"]
[Date "1996.??.??"]
[Round "?"]
[White "Ostojic, Predrag"]
[Black "Alber, Horst"]
[Result "1/2-1/2"]
[WhiteElo "2320"]
[BlackElo "2260"]
[PlyCount "66"]
[EventDate "1996.??.??"]
[EventType "team"]
[EventRounds "11"]
[EventCountry "GER"]
[SourceTitle "EXT 1998"]
[Source "ChessBase"]
[SourceDate "1997.11.17"]
[SourceVersion "1"]
[SourceVersionDate "1997.11.17"]
[SourceQuality "1"]

1. e4 g6 2. d4 d6 3. Nf3 Bg7 4. Bc4 Nf6 5. Qe2 0-0 6. 0-0 c6 7. Bb3 Qc7 8. e5 dxe5 9. dxe5 Nd5 10. h3 a5 11. a3 a4 12. Ba2 Be6 13. Re1 Nd7 14. c4 N5b6 15. Bf4 Nc5 16. Be3 Nb3 17. Bxb3 axb3 18. Nbd2 c5 19. Nxb3 Bxc4 20. Qc2 Bd5 21. Qxc5 Qxc5 22. Nxc5 Nc4 23. Bd4 Bxf3 24. gxf3 Rfd8 25. Nb3 Nd2 26. Nxd2 Rxd4 27. Re2 Bxe5 28. Rxe5 Rxd2 29. Rb5 Rc8 30. Rxb7 Rcc2 31. Rf1 Rxb2 32. Rxe7 Rb3 33. Re3 Rxe3 1/2-1/2

[Event "Hessenliga 9596"]
[Site "Germany"]
[Date "1996.??.??"]
[Round "?"]
[White "Ostojic, Predrag"]
[Black "Berndt, Matthias"]
[Result "1-0"]
[WhiteElo "2320"]
[BlackElo "2130"]
[PlyCount "71"]
[EventDate "1996.??.??"]
[EventType "team"]
[EventRounds "11"]
[EventCountry "GER"]
[SourceTitle "EXT 1998"]
[Source "ChessBase"]
[SourceDate "1997.11.17"]
[SourceVersion "1"]
[SourceVersionDate "1997.11.17"]
[SourceQuality "1"]

1. e4 e6 2. d4 d5 3. Nd2 Nc6 4. Ngf3 Nf6 5. e5 Nd7 6. Nb3 a5 7. a4 b6 8. Bb5 Ncb8 9. 0-0 Be7 10. Be3 c6 11. Be2 Ba6 12. Nfd2 0-0 13. f4 c5 14. Bxa6 Nxa6 15. c3 Qc8 16. Nf3 cxd4 17. Nbxd4 Qc4 18. Qc2 Rac8 19. f5 exf5 20. Qxf5 Ndc5 21. Rad1 Ne4 22. e6 f6 23. Qg4 Nd6 24. Bh6 Ne8 25. Nh4 f5 26. Nhxf5 Bf6 27. Bg5 Kh8 28. Ne3 Qc5 29. Nb3 Qc6 30. Nxd5 Nc5 31. Nxc5 Qxc5+ 32. Be3 Qc6 33. Nxb6 Rc7 34. Nd7 Rg8 35. Rf3 Rb7 36. Rh3 1-0

[Event "Hessenliga 9596"]
[Site "Germany"]
[Date "1996.??.??"]
[Round "?"]
[White "Schnelzer, Reinhold"]
[Black "Ostojic, Predrag"]
[Result "1/2-1/2"]
[WhiteElo "2305"]
[BlackElo "2320"]
[PlyCount "84"]
[EventDate "1996.??.??"]
[EventType "team"]
[EventRounds "11"]
[EventCountry "GER"]
[SourceTitle "EXT 1998"]
[Source "ChessBase"]
[SourceDate "1997.11.17"]
[SourceVersion "1"]
[SourceVersionDate "1997.11.17"]
[SourceQuality "1"]

1. Nf3 c5 2. c4 Nc6 3. d4 cxd4 4. Nxd4 Nf6 5. Nc3 e6 6. Ndb5 d6 7. Bf4 e5 8. Bg5 a6 9. Na3 Be6 10. e3 Qa5 11. Bxf6 gxf6 12. Qd2 f5 13. Be2 Rd8 14. Rd1 Bg7 15. 0-0 0-0 16. Nd5 Qxd2 17. Rxd2 e4 18. b3 Bxd5 19. Rxd5 Nb4 20. Rxf5 Nxa2 21. Nb1 Nb4 22. Rd1 b6 23. Nd2 Rfe8 24. Rf4 d5 25. Bh5 Rf8 26. Rf5 dxc4 27. Nxc4 Rxd1+ 28. Bxd1 Rd8 29. Bh5 b5 30. Nb6 f6 31. Rf4 Nd5 32. Nxd5 Rxd5 33. Bg4 Kf7 34. g3 Re5 35. Rf5 Re7 36. Rd5 Rc7 37. Rd7+ Rxd7 38. Bxd7 Kg6 39. b4 h5 40. Bc8 f5 41. Bxa6 Bf8 42. Bxb5 Bxb4 1/2-1/2

[Event "Eupen op rapid"]
[Site "Eupen"]
[Date "1995.??.??"]
[Round "3"]
[White "Lurje, Pawel"]
[Black "Ostojic, Predrag"]
[Result "1-0"]
[WhiteElo "2145"]
[BlackElo "2335"]
[PlyCount "115"]
[EventDate "1995.04.08"]
[EventType "swiss (rapid)"]
[EventRounds "7"]
[EventCountry "BEL"]
[SourceTitle "EXT 1997"]
[Source "ChessBase"]
[SourceDate "1996.11.15"]
[SourceVersion "1"]
[SourceVersionDate "1996.11.15"]
[SourceQuality "1"]

1. e4 c5 2. Nc3 d6 3. g3 g6 4. Bg2 Bg7 5. d3 e5 6. Be3 Ne7 7. Qd2 0-0 8. Bh6 Nd7 9. h4 Nf6 10. h5 Nxh5 11. Bf3 Nf6 12. g4 Bh8 13. g5 Nd7 14. Bxf8 Nxf8 15. Nge2 Be6 16. Ng3 Nc6 17. Nd5 Nd4 18. Be2 Bd7 19. 0-0-0 Nde6 20. Rdg1 Nxg5 21. Nf5 Bxf5 22. exf5 f6 23. f4 exf4 24. Qxf4 Bg7 25. Bg4 Nf7 26. Kb1 Ne5 27. Qh2 Kf7 28. Qg2 Nxg4 29. Qxg4 Qd7 30. Rxh7 Kg8 31. Rh2 Re8 32. Qc4 Qf7 33. fxg6 Qe6 34. a4 f5 35. Re2 Be5 36. g7 Nd7 37. Rg6 Qf7 38. Rxd6 Bxd6 39. Rxe8+ Kxg7 40. Re1 Ne5 41. Rg1+ Ng4 42. Ne3 Qxc4 43. dxc4 Kf6 44. Nxg4+ fxg4 45. Rxg4 Ke6 46. Rg7 Be7 47. Ka2 Kd6 48. a5 a6 49. Ka3 Bd8 50. Ka4 Kc6 51. c3 b5+ 52. axb6 Bxb6 53. b4 Bc7 54. b5+ axb5+ 55. cxb5+ Kb6 56. Rxc7 Kxc7 57. Ka5 c4 58. Kb4 1-0

[Event "Donner Memorial op"]
[Site "Amsterdam"]
[Date "1995.??.??"]
[Round "4"]
[White "Ostojic, Predrag"]
[Black "Riemersma, Liafbern"]
[Result "1-0"]
[WhiteElo "2335"]
[BlackElo "2415"]
[PlyCount "99"]
[EventDate "1995.08.??"]
[EventType "swiss"]
[EventRounds "11"]
[EventCountry "NED"]
[SourceTitle "EXT 1997"]
[Source "ChessBase"]
[SourceDate "1996.11.15"]
[SourceVersion "1"]
[SourceVersionDate "1996.11.15"]
[SourceQuality "1"]

1. e4 c5 2. Nf3 d6 3. d4 cxd4 4. Nxd4 Nf6 5. Nc3 Nc6 6. g3 h5 7. h3 Bd7 8. Bg2 Qc8 9. Nde2 g6 10. b3 Bg7 11. Bb2 0-0 12. Qd2 Rd8 13. Rb1 e5 14. Kf1 Rb8 15. Kg1 b5 16. a3 b4 17. Nd5 bxa3 18. Bxa3 Nxd5 19. exd5 Nd4 20. Nxd4 exd4 21. Bxd6 Rb6 22. Bf4 Bf5 23. Rc1 Ra6 24. Kh2 Ra2 25. Qb4 Bxc2 26. Ra1 Rxa1 27. Rxa1 Rd7 28. Ra5 d3 29. Rc5 Qd8 30. d6 Bf8 31. Qc4 Rxd6 32. Rc8 Qd7 33. Bh6 d2 34. Rxf8+ Kh7 35. Bxd2 Kg7 36. Bh6+ Kxh6 37. Rxf7 Qe6 38. Qc7 g5 39. Rf8 Bh7 40. Qxa7 Qxb3 41. Be4 Bg8 42. Qe7 Qe6 43. Qxe6+ Bxe6 44. Rf6+ Kg7 45. Rg6+ Kf8 46. Rxg5 Bf7 47. h4 Ke7 48. Kg2 Rf6 49. Rf5 Bg6 50. Rxf6 1-0

[Event "Donner Memorial op"]
[Site "Amsterdam"]
[Date "1995.??.??"]
[Round "6"]
[White "Ostojic, Predrag"]
[Black "Van den Doel, Erik"]
[Result "0-1"]
[WhiteElo "2335"]
[BlackElo "2305"]
[PlyCount "82"]
[EventDate "1995.08.??"]
[EventType "swiss"]
[EventRounds "11"]
[EventCountry "NED"]
[SourceTitle "EXT 1997"]
[Source "ChessBase"]
[SourceDate "1996.11.15"]
[SourceVersion "1"]
[SourceVersionDate "1996.11.15"]
[SourceQuality "1"]

1. e4 c5 2. Nf3 d6 3. d4 cxd4 4. Nxd4 Nf6 5. Nc3 e6 6. g3 Nc6 7. Bg2 Bd7 8. 0-0 Be7 9. Nb3 0-0 10. Qe2 Rc8 11. Rd1 a6 12. a4 Qc7 13. a5 Ne5 14. h3 Rfd8 15. f4 Nc4 16. Kh2 Be8 17. Qe1 Nd7 18. Ne2 b5 19. axb6 Qxb6 20. Qg1 Rb8 21. Nbd4 Qb7 22. b3 Ncb6 23. Bb2 Nc5 24. Nc3 Nba4 25. Nxa4 Nxa4 26. Ba3 Nc3 27. Re1 Nb5 28. Bb2 Rdc8 29. Re2 Nc3 30. Re3 Nb5 31. Qd1 Nxd4 32. Qxd4 Bf6 33. e5 Rxc2 34. Rg1 dxe5 35. fxe5 Bg5 36. Rd3 Bc6 37. h4 Be7 38. Rd2 Bc5 39. Qd8+ Rxd8 40. Rxd8+ Bf8 41. Ba3 h6 0-1

[Event "Hessenliga"]
[Site "Germany"]
[Date "1995.??.??"]
[Round "?"]
[White "Schnelzer, Reinhold"]
[Black "Ostojic, Predrag"]
[Result "1/2-1/2"]
[WhiteElo "2305"]
[BlackElo "2335"]
[PlyCount "29"]
[EventDate "1995.??.??"]
[EventType "team"]
[EventRounds "11"]
[EventCountry "GER"]
[SourceTitle "GER"]
[Source "ChessBase"]
[SourceDate "1999.07.01"]
[SourceVersion "1"]
[SourceVersionDate "1999.07.01"]
[SourceQuality "1"]

1. Nf3 c5 2. c4 Nc6 3. d4 cxd4 4. Nxd4 e6 5. Nc3 Nf6 6. Ndb5 d6 7. Bf4 e5 8. Bg5 Be6 9. Bxf6 gxf6 10. e3 a6 11. Na3 f5 12. Qd2 Qa5 13. Nc2 Nb4 14. Nxb4 Qxb4 15. Nd5 1/2-1/2

[Event "Hessenliga"]
[Site "Germany"]
[Date "1995.??.??"]
[Round "?"]
[White "Weber, Ulrich"]
[Black "Ostojic, Predrag"]
[Result "1/2-1/2"]
[WhiteElo "2275"]
[BlackElo "2335"]
[PlyCount "157"]
[EventDate "1995.??.??"]
[EventType "team"]
[EventRounds "11"]
[EventCountry "GER"]
[SourceTitle "GER"]
[Source "ChessBase"]
[SourceDate "1999.07.01"]
[SourceVersion "1"]
[SourceVersionDate "1999.07.01"]
[SourceQuality "1"]

1. Nf3 d5 2. g3 Bg4 3. Bg2 Nd7 4. d3 Ngf6 5. Nbd2 e5 6. e4 dxe4 7. dxe4 Bc5 8. Qe2 0-0 9. h3 Be6 10. Ng5 Re8 11. Nxe6 Rxe6 12. 0-0 c6 13. a4 Re8 14. Nb3 a5 15. Qc4 Bf8 16. Be3 Qc7 17. Rfd1 Nb6 18. Qe2 Nc8 19. Rd2 Nd6 20. Rad1 Rad8 21. f3 Nc8 22. Rxd8 Rxd8 23. Rxd8 Qxd8 24. Qd2 Qxd2 25. Bxd2 b6 26. Bf1 Bd6 27. Ba6 Ne7 28. Be3 Nd7 29. h4 Kf8 30. Bf1 Ke8 31. Bh3 Bc7 32. Kf2 Nc8 33. Ke2 Nd6 34. Bxd7+ Kxd7 35. Kd3 h5 36. Nd2 b5 37. b3 Nc8 38. Nb1 bxa4 39. bxa4 Bb6 40. Bd2 Bf2 41. g4 Nb6 42. gxh5 Nxa4 43. h6 gxh6 44. h5 Ke6 45. Bxh6 Kf6 46. Bd2 Bb6 47. Na3 Nc5+ 48. Ke2 Bc7 49. Nc4 a4 50. Be3 Ne6 51. h6 Kg6 52. Kd3 f6 53. Kc3 c5 54. Kb2 Nd4 55. Nd2 Ba5 56. Nc4 Bc7 57. Nd2 a3+ 58. Ka2 Ba5 59. Nc4 Bb4 60. c3 Bxc3 61. Kxa3 Nxf3 62. Bxc5 Kxh6 63. Be3+ Kh5 64. Kb3 Bd4 65. Kc2 Kg4 66. Kd3 Ne1+ 67. Kd2 Nf3+ 68. Kd3 Ba1 69. Bc1 Ne1+ 70. Ke2 Ng2 71. Ne3+ Nxe3 72. Bxe3 Bc3 73. Bf2 Bb4 74. Be3 Ba3 75. Bd2 Bc5 76. Bc1 Bg1 77. Ba3 f5 78. exf5 Kxf5 79. Bd6 1/2-1/2

[Event "Eupen op act"]
[Site "Eupen"]
[Date "1994.??.??"]
[Round "6"]
[White "Lytchak, Alexander"]
[Black "Ostojic, Predrag"]
[Result "0-1"]
[WhiteElo "2255"]
[BlackElo "2340"]
[PlyCount "70"]
[EventDate "1994.??.??"]
[EventType "swiss"]
[EventRounds "7"]
[EventCountry "BEL"]
[SourceTitle "EXT 1997"]
[Source "ChessBase"]
[SourceDate "1996.11.15"]
[SourceVersion "1"]
[SourceVersionDate "1996.11.15"]
[SourceQuality "1"]

1. d4 c5 2. d5 e5 3. c4 d6 4. e4 a6 5. Nc3 Be7 6. g3 Bg5 7. Bxg5 Qxg5 8. Bg2 Qd8 9. Nge2 Nf6 10. 0-0 0-0 11. a3 Nbd7 12. Qd3 Ne8 13. f4 exf4 14. gxf4 f5 15. exf5 Ndf6 16. Ng3 Bd7 17. Rfe1 b5 18. cxb5 axb5 19. Nxb5 Qb6 20. a4 Rxa4 21. Rxa4 Bxb5 22. Qa3 Bxa4 23. Qxa4 Qxb2 24. Qc6 Qd4+ 25. Kh1 Qxf4 26. Qc8 Kh8 27. Qd8 Qh6 28. h3 Rg8 29. Qe7 Qh4 30. Re3 Qf4 31. Kh2 Nc7 32. Qxc7 Qxe3 33. Qxd6 Re8 34. Qc6 Qd4 35. Nh5 Qe5+ 0-1

[Event "Wiesbaden op"]
[Site "Wiesbaden"]
[Date "1994.??.??"]
[Round "7"]
[White "Ostojic, Predrag"]
[Black "Christiansen, Larry Mark"]
[Result "0-1"]
[WhiteElo "2340"]
[BlackElo "2575"]
[PlyCount "48"]
[EventDate "1994.??.??"]
[EventType "swiss"]
[EventRounds "9"]
[EventCountry "GER"]
[SourceTitle "GER"]
[Source "ChessBase"]
[SourceDate "1999.07.01"]
[SourceVersion "1"]
[SourceVersionDate "1999.07.01"]
[SourceQuality "1"]

1. e4 c5 2. Nf3 Nc6 3. Bb5 g6 4. 0-0 Bg7 5. Re1 Nf6 6. h3 0-0 7. Nc3 d6 8. Bf1 e5 9. d3 h6 10. Nh2 Be6 11. Ng4 Nxg4 12. hxg4 Qd7 13. f3 Ne7 14. Be3 f5 15. gxf5 gxf5 16. exf5 Nxf5 17. Bf2 Rf6 18. Ne4 Rg6 19. c3 Rf8 20. Nd2 h5 21. f4 h4 22. fxe5 h3 23. Ne4 Bxe5 24. Qh5 Qg7 0-1

[Event "Wiesbaden op"]
[Site "Wiesbaden"]
[Date "1994.??.??"]
[Round "9"]
[White "Ostojic, Predrag"]
[Black "Lampe, Dirk"]
[Result "0-1"]
[WhiteElo "2340"]
[BlackElo "2250"]
[PlyCount "56"]
[EventDate "1994.??.??"]
[EventType "swiss"]
[EventRounds "9"]
[EventCountry "GER"]
[SourceTitle "GER"]
[Source "ChessBase"]
[SourceDate "1999.07.01"]
[SourceVersion "1"]
[SourceVersionDate "1999.07.01"]
[SourceQuality "1"]

1. e4 c5 2. Nf3 Nc6 3. Nc3 g6 4. d4 cxd4 5. Nxd4 Bg7 6. Be3 Nf6 7. Bc4 0-0 8. Bb3 d6 9. f3 Bd7 10. Qd2 Qa5 11. 0-0-0 Rfc8 12. h4 Ne5 13. Kb1 Nc4 14. Bxc4 Rxc4 15. Nb3 Qe5 16. Bf4 Qe6 17. Ne2 Ra4 18. Qd3 Rc8 19. Nc3 Rb4 20. g4 a5 21. a3 Rxc3 22. Qxc3 Nxe4 23. Qc7 Nc3+ 24. bxc3 Rxb3+ 25. cxb3 Qxb3+ 26. Kc1 Bxc3 27. Rd3 Qb2+ 28. Kd1 Ba4# 0-1

[Event "Hessenliga 9495"]
[Site "Germany"]
[Date "1994.??.??"]
[Round "?"]
[White "Ostojic, Predrag"]
[Black "Qendro, Llambi"]
[Result "1/2-1/2"]
[WhiteElo "2340"]
[BlackElo "2300"]
[PlyCount "142"]
[EventDate "1994.??.??"]
[EventType "team"]
[EventRounds "11"]
[EventCountry "GER"]
[SourceTitle "GER"]
[Source "ChessBase"]
[SourceDate "1999.07.01"]
[SourceVersion "1"]
[SourceVersionDate "1999.07.01"]
[SourceQuality "1"]

1. e4 c6 2. d4 d5 3. exd5 cxd5 4. Bd3 Nc6 5. c3 Qc7 6. h3 g6 7. Nf3 Bf5 8. Bxf5 gxf5 9. 0-0 Nf6 10. Nbd2 e6 11. Nb3 Be7 12. Bg5 Rg8 13. Bxf6 Bxf6 14. Nc5 Rg6 15. Kh1 0-0-0 16. Nd3 Rdg8 17. Rg1 Qd6 18. Qe2 Rh6 19. Qe3 Qf8 20. Nfe5 Bxe5 21. dxe5 Qg7 22. Rae1 Rh4 23. f4 Qg3 24. Qxg3 Rxg3 25. Rd1 Rh6 26. Kh2 Rhg6 27. Nf2 Re3 28. Rde1 Rgg3 29. Nh1 Rxe1 30. Rxe1 Rd3 31. Re2 Rd1 32. Nf2 Rf1 33. Kg3 Kd7 34. Rd2 Ra1 35. a3 Na5 36. Rd1 Rxd1 37. Nxd1 Nc4 38. a4 Ke7 39. Kf3 f6 40. exf6+ Kxf6 41. Ke2 e5 42. g3 e4 43. g4 a6 44. b3 Na5 45. Ne3 fxg4 46. hxg4 Nxb3 47. Nxd5+ Ke6 48. Nb6 Kd6 49. Ke3 Kc6 50. Nc4 Nc5 51. a5 Kb5 52. Nd6+ Kxa5 53. g5 Kb6 54. f5 Kc6 55. Nxe4 Nxe4 56. Kxe4 Kd6 57. c4 b6 58. Kd4 a5 59. Ke4 Ke7 60. Ke5 Kf7 61. Kd4 Ke7 62. Kd5 Kf7 63. Ke5 Kg7 64. Kd6 Kf7 65. c5 bxc5 66. Kxc5 Kg7 67. Kd5 a4 68. Kc4 h5 69. gxh6+ Kxh6 70. Kb4 Kg5 71. Kxa4 Kxf5 1/2-1/2

[Event "Wiesbaden op"]
[Site "Wiesbaden"]
[Date "1994.??.??"]
[Round "8"]
[White "Wind, Lutz"]
[Black "Ostojic, Predrag"]
[Result "0-1"]
[WhiteElo "2300"]
[BlackElo "2340"]
[PlyCount "120"]
[EventDate "1994.??.??"]
[EventType "swiss"]
[EventRounds "9"]
[EventCountry "GER"]
[SourceTitle "GER"]
[Source "ChessBase"]
[SourceDate "1999.07.01"]
[SourceVersion "1"]
[SourceVersionDate "1999.07.01"]
[SourceQuality "1"]

1. c4 g6 2. Nf3 Bg7 3. d4 Nf6 4. Nc3 c5 5. g3 0-0 6. Bg2 cxd4 7. Nxd4 Nc6 8. 0-0 Nxd4 9. Qxd4 d6 10. Qd2 Rb8 11. b3 a6 12. Bb2 Be6 13. Nd5 Bxd5 14. Bxd5 Nxd5 15. Bxg7 Kxg7 16. Qxd5 Qb6 17. Rfd1 Rbc8 18. Rd3 Rc5 19. Qd4+ Kg8 20. Rad1 Rfc8 21. Re3 Qd8 22. Qe4 R8c7 23. Rd5 Rxd5 24. Qxd5 Qd7 25. Qg5 Kg7 26. a4 f6 27. Qd5 Rc5 28. Qe4 Kf7 29. h4 a5 30. Kh2 Ke8 31. Rd3 Re5 32. Qf3 Qc6 33. Rd5 Rxd5 34. cxd5 Qc5 35. Kg2 Qd4 36. e4 Kf7 37. Kh2 h5 38. Kg2 Qd2 39. Kg1 Ke8 40. Kg2 Kf7 41. Qf4 Qd1 42. Qe3 Qc2 43. Kh3 Ke8 44. Kg2 Kd7 45. Qf3 Qd2 46. g4 Qh6 47. gxh5 gxh5 48. Qf5+ Kc7 49. f4 Kb6 50. Kf3 Qg7 51. Qc8 Ka7 52. Kf2 f5 53. Qxf5 Qb2+ 54. Kg1 Qxb3 55. Qxh5 Qxa4 56. Qe2 Qd4+ 57. Kg2 a4 58. h5 a3 59. Kg3 Qb2 60. Qe3+ b6 0-1

[Event "Hessenliga 9394"]
[Site "Germany"]
[Date "1993.??.??"]
[Round "?"]
[White "Ostojic, Predrag"]
[Black "Nothnagel, Holger"]
[Result "1/2-1/2"]
[WhiteElo "2340"]
[BlackElo "2370"]
[PlyCount "26"]
[EventDate "1993.??.??"]
[EventType "team"]
[EventRounds "11"]
[EventCountry "GER"]
[SourceTitle "GER"]
[Source "ChessBase"]
[SourceDate "1999.07.01"]
[SourceVersion "1"]
[SourceVersionDate "1999.07.01"]
[SourceQuality "1"]

1. e4 e6 2. d4 d5 3. Nd2 c5 4. Ngf3 cxd4 5. exd5 Qxd5 6. Bc4 Qd6 7. 0-0 Nf6 8. Nb3 Nc6 9. Nbxd4 Nxd4 10. Qxd4 a6 11. a4 Qxd4 12. Nxd4 Bc5 13. Nb3 Be7 1/2-1/2

[Event "Eupen op"]
[Site "Eupen"]
[Date "1993.??.??"]
[Round "3"]
[White "Woll, Wilfried"]
[Black "Ostojic, Predrag"]
[Result "1-0"]
[WhiteElo "2135"]
[BlackElo "2340"]
[PlyCount "89"]
[EventDate "1993.??.??"]
[EventType "swiss"]
[EventRounds "7"]
[EventCountry "BEL"]
[SourceTitle "CBM 033 Extra"]
[Source "ChessBase"]
[SourceDate "1993.05.01"]
[SourceVersion "1"]
[SourceVersionDate "1993.05.01"]
[SourceQuality "1"]

1. c4 g6 2. Nf3 Bg7 3. g3 e5 4. Nc3 d6 5. Bg2 f5 6. d3 Nf6 7. c5 Nc6 8. cxd6 cxd6 9. 0-0 0-0 10. d4 e4 11. Ng5 h6 12. Nh3 g5 13. e3 d5 14. a3 Be6 15. Kh1 Rc8 16. Ng1 Qe8 17. Nge2 Rf7 18. b4 Bf8 19. Bd2 Rh7 20. f3 exf3 21. Rxf3 Ne4 22. Nxe4 fxe4 23. Rf2 Ne7 24. Qb3 Rf7 25. Raf1 Rxf2 26. Rxf2 Rc4 27. Nc3 Bg7 28. b5 b6 29. Bf1 Nf5 30. Rxf5 Bxf5 31. Nxd5 Be6 32. Bxc4 Kh8 33. Nc7 Bxc4 34. Qxc4 Qf8 35. Qe2 Qxa3 36. Ne8 Qa2 37. Nxg7 Kxg7 38. h4 Kf6 39. Qf1+ Ke6 40. Qc1 Kf5 41. Qc8+ Kg6 42. Qe8+ Kf5 43. Qe5+ Kg4 44. Qxe4+ Kh3 45. Qf5+ 1-0

[Event "Neu Isenburg op"]
[Site "Neu Isenburg"]
[Date "1992.04.26"]
[Round "8"]
[White "Ostojic, Predrag"]
[Black "Hickl, Joerg"]
[Result "1/2-1/2"]
[WhiteElo "2355"]
[BlackElo "2515"]
[PlyCount "134"]
[EventDate "1992.04.24"]
[EventType "swiss (rapid)"]
[EventRounds "11"]
[EventCountry "GER"]
[SourceTitle "EXT 2003"]
[Source "ChessBase"]
[SourceDate "2002.11.25"]
[SourceVersion "1"]
[SourceVersionDate "2002.11.25"]
[SourceQuality "1"]

1. e4 g6 2. d4 d6 3. Nc3 c6 4. a4 Bg7 5. h3 Nf6 6. Nf3 0-0 7. a5 d5 8. e5 Ne4 9. Bd3 Nxc3 10. bxc3 c5 11. dxc5 Nc6 12. Qe2 Nxa5 13. Be3 Nc6 14. Bd4 Qc7 15. 0-0 Bh6 16. Rfe1 Nd8 17. Nd2 Ne6 18. Nb3 Bd7 19. Ra5 b6 20. cxb6 axb6 21. Rxa8 Rxa8 22. Qf3 Nxd4 23. cxd4 Qc3 24. Rb1 e6 25. Qd1 Ba4 26. Ra1 Qc6 27. Nc1 Rc8 28. Ra2 Bxc1 29. Qxc1 Qc3 30. Qa1 Qxa1+ 31. Rxa1 b5 32. Ra2 Kf8 33. Kf1 Ke7 34. Ke2 Kd7 35. Kd2 Kc6 36. h4 Kb6 37. Ra1 Ka5 38. g4 b4 39. f4 Rc3 40. f5 Ra3 41. Rf1 Ra2 42. fxe6 fxe6 43. Rf8 b3 44. h5 bxc2 45. hxg6 hxg6 46. Bxg6 Kb4 47. Rc8 Ra1 48. Bxc2 Bxc2 49. Rxc2 Rg1 50. Rc6 Rxg4 51. Ke3 Rg6 52. Kf4 Kb5 53. Rc8 Kb4 54. Rf8 Rg7 55. Rf6 Re7 56. Kg5 Kc4 57. Rf4 Ra7 58. Kf6 Ra6 59. Ke7 Kd3 60. Rf6 Kxd4 61. Rxe6 Ra7+ 62. Kf6 Kc3 63. Rc6+ Kd3 64. e6 d4 65. e7 Rxe7 66. Kxe7 Ke2 67. Re6+ Kf3 1/2-1/2

[Event "Neu Isenburg op"]
[Site "Neu Isenburg"]
[Date "1992.04.26"]
[Round "11"]
[White "Schneider, Bernd"]
[Black "Ostojic, Predrag"]
[Result "1-0"]
[WhiteElo "2420"]
[BlackElo "2355"]
[PlyCount "100"]
[EventDate "1992.04.24"]
[EventType "swiss (rapid)"]
[EventRounds "11"]
[EventCountry "GER"]
[SourceTitle "EXT 2003"]
[Source "ChessBase"]
[SourceDate "2002.11.25"]
[SourceVersion "1"]
[SourceVersionDate "2002.11.25"]
[SourceQuality "1"]

1. d4 c5 2. d5 e5 3. Nc3 d6 4. e4 a6 5. a4 Be7 6. Be2 Bg5 7. Bxg5 Qxg5 8. Nf3 Qd8 9. Nd2 b6 10. 0-0 Nf6 11. Nc4 0-0 12. Qb1 Ne8 13. b4 Nd7 14. bxc5 bxc5 15. Ra3 a5 16. Rb3 Ba6 17. Nb5 Bxb5 18. Rxb5 f5 19. exf5 Ndf6 20. Qb3 Rf7 21. Rb1 Rfa7 22. Rb7 Rxb7 23. Qxb7 Nd7 24. Rb3 Rb8 25. Qc6 Rc8 26. Qb5 Ra8 27. g3 Ndf6 28. Ne3 h6 29. Qb6 Nc7 30. Bb5 c4 31. Nxc4 Nfxd5 32. Qxd6 Qxd6 33. Nxd6 Nxb5 34. Rxb5 Nc3 35. Rxe5 Nxa4 36. Nb7 Rb8 37. Rxa5 Nc3 38. Nd6 Rb2 39. Ra8+ Kh7 40. Ra7 Kg8 41. Ra8+ Kh7 42. Nf7 g5 43. Ne5 Ne4 44. Ra7+ Kg8 45. Ng4 h5 46. Re7 Nd2 47. Ne5 Rb6 48. h3 Ne4 49. Kg2 Rb5 50. g4 Nf6 1-0

[Event "BL2-West 9192"]
[Site "Germany"]
[Date "1992.??.??"]
[Round "9.1"]
[White "Bode, Wilfried"]
[Black "Ostojic, Predrag"]
[Result "1-0"]
[WhiteElo "2355"]
[BlackElo "2355"]
[PlyCount "63"]
[EventDate "1991.10.??"]
[EventType "team-tourn"]
[EventRounds "9"]
[EventCountry "GER"]
[SourceTitle "GER-chT2"]
[Source "ChessBase"]
[SourceDate "1999.07.01"]
[SourceVersion "1"]
[SourceVersionDate "1999.07.01"]
[SourceQuality "1"]
[WhiteTeam "Osnabrueck"]
[BlackTeam "Frankfurt II"]
[WhiteTeamCountry "GER"]
[BlackTeamCountry "GER"]

1. e4 c5 2. Nf3 a6 3. c3 d6 4. d4 Nd7 5. Bd3 e6 6. 0-0 Ngf6 7. Qe2 Be7 8. e5 dxe5 9. dxe5 Nd5 10. c4 Nb4 11. Be4 Qc7 12. Bf4 Nc6 13. Nc3 Nd4 14. Qe3 Nxf3+ 15. Bxf3 h6 16. Bg3 0-0 17. Rad1 Re8 18. Bh5 Nb6 19. Nd5 exd5 20. e6 Bxe6 21. Bxc7 Nxc4 22. Qg3 Bf6 23. b3 Nb2 24. Rd2 c4 25. Be5 Bxe5 26. Qxe5 Nd3 27. Qd4 Nb4 28. bxc4 dxc4 29. Bf3 Rab8 30. Rb2 a5 31. a3 Red8 32. Qc3 1-0